AK’s General Knowledge A-Z #77 - Statistics

General Stats
  • This quiz has been taken 306 times
  • The average score is 18 of 26
Answer Stats
Hint Answer % Correct
B – Alexander Graham ____ Bell
98%
H – to gain unauthorised access to a computer or online account Hack
93%
N – a highly addictive alkaloid with toxicity similar to that of cyanide; is found in tobacco Nicotine
92%
F – Will Smith was the _____ _____ of Bel Air Fresh Prince
88%
Y – Japanese multimedia artist, songwriter and peace activist Ono, Lennon’s widow Yoko
87%
I – ______ Out, animated film about five personified emotions Inside
85%
O – first name of English general and statesman Cromwell Oliver
85%
U – first name of Thurman who played Mia in Pulp Fiction Uma
85%
Q – in many sports, the round in which only eight competitors remain Quarter-final
83%
E – American _______, multinational corporation founded in 1850 and specialized in payment card services Express
82%
W – West ____, political drama TV series set primarily in the White House Wing
76%
C – the act of matching a bet in poker, or what the Wild does in Jack London’s book Call
75%
K – sport you may be unknowingly learning when doing “wax on, wax off” all day Karate
74%
T – not phone or laptop, but a pill Tablet
74%
V – the longest river in Europe Volga
73%
G – country of origin of Perry Rhodan, the all-time most successful science fiction book series Germany
71%
P – the southernmost capital in North America Panama City
65%
R – R.E.M. song “All The Way to ____ (You're Gonna Be a Star)”; a city in Nevada Reno
65%
S – a hole formed by solution and collapse in a limestone area (“sänka” in Swedish) Sinkhole
65%
J – first name of Brahms, German composer and pianist of the Romantic period Johannes
56%
D – to win, or “défaire” in French Defeat
54%
M – the largest city on Salsette Island, India’s most populous island Mumbai
53%
A – first name of French philosopher and author Camus who wrote The Stranger and The Plague Albert
49%
L – capital and largest city of Togo Lomé
40%
Z – the act of setting rules for the use of land and the types of structures that can be built on it Zoning
35%
X – an unofficial prefix to units or, backwards, a synonym for appendix Xenna
2%
No matching quizzes found
Score Distribution
Percent of People with Each Score
Percentile by Number Answered
Your Score History
You have not taken this quiz